Célébrités à leurs métiers - Click Quiz - Statistiques

Statistiques générales
  • Ce quiz a été pris 5 724 fois
  • Le résultat moyen est 12 sur 15
Statistiques - réponses
Hint Réponse % Correct
Céline Dion Chanteuse
95%
Joe Biden Président
94%
Coco Chanel Créatrice de mode
93%
Charles III Roi
93%
Tom Holland Acteur
92%
LeBron James Joueur de basketball
92%
The Beatles Groupe de musique
91%
Mère Teresa Religieuse
86%
Mr. Beast Youtubeur
86%
Greta Thunberg Militante
83%
Stephen King Auteur
74%
Thomas Edison Scientifique
67%
Oprah Winfrey Animatrice
64%
Connor McDavid Joueur de hockey
58%
Chris Hadfield Astronaute
41%
Aucun quiz correspondant
Distribution des résultats
% des personnes avec chaque résultat
Percentile par nombre de réponses
Votre historique - résultats
Vous n’avez pas pris ce quiz